Statistics for Imagine Dragons songs by first line

Click here to take the quiz!

General Stats

  • This quiz has been taken 110 times
  • The average score is 8 of 11

Answer Stats

LineTitle% Correct
First Things FirstBeliever
92%
When The Days Are ColdDemons
92%
Just a Young Gun With a Quick FuseThunder
91%
I'm Sorry Mother, I'm Sorry I Let You DownAmsterdam
76%
As a Child You Would WaitWarriors
74%
So This Is What You MeantIt's Time
72%
If You Love SombodyOn Top Of The World
67%
First Comes The Blessing Of All That You DreamGold
67%
I'm a Reckless MistakePolaroid
62%
Do You Feel The Same When I'm Away From YouWalking The Wire
58%
With Our Backs to the WallReady Aim Fire
42%

Score Distribution

Percentile by Number Answered

Percent of People with Each Score

Your Score History

You have not taken this quiz